000 00308nam a2200109Ia 4500
008 190216s9999||||xx |||||||||||||| ||und||
100 _a"Lawrwnce, Franklin , Geroge
 James J Rigg"
245 0 _aIndustrial Organization And Management
260 _bSulthan Chand&Sons
_c1956
300 _a682p
942 _cBK
999 _c4621
_d4621